000 02162nam0a2200325 4500
001 RU\NLR\BIBL_A\021942995
005 20230620113944.0
010 _a978-5-392-39154-7
_91000
021 _aRU
_bКН-П-23-026880
_9КН-П-23-2684
035 _a(NLR Aleph) 021942995
035 _a(RuMoRGB)011750160
090 _a13193254
_c13193254
100 _a20230522d2023 u y0rusy50 ca
101 0 _arus
_aeng
102 _aRU
105 _aa|||j|||000zy
181 0 _ai
_baxxe
182 0 _an
200 1 _a100 главных правил английского языка
_eучебное пособие
_fЕ. А. Васильева
203 _aТекст
_bвизуальный
_cнепосредственный
210 _aМосква
_cПроспект
_d2023
215 _a198, [1] с.
_cтабл.
_d14
330 _aВ пособии кратко сформулированы основные правила грамматики английского языка. Все правила сопровождаются пояснениями и многочисленными примерами, в ряде случаев снабженными переводом. Удобная подача материала помогает читателю свободно ориентироваться в пособии и быстро находить ответы на интересующие вопросы. Книгой можно пользоваться уже с первых занятий и возвращаться к ней на протяжении всего периода изучения языка, а также в процессе повторения пройденного материала
606 1 _aАнглийский язык
_xГрамматика
_jУчебные издания
_2nlr_sh2
_3RU\NLR\AUTH\6644367
686 1 _aШ143.21-93рус-2
700 1 _aВасильева
_bЕ. А.
_cпедагог, лингвист
_gЕлена Анатольевна
_3RU\NLR\AUTH\7751122
942 _cBOOK
980 _aNB